000 00383nam a22001697a 4500
999 _c3270
_d3269
005 20210831121050.0
008 160620b xxu||||| |||| 00| 0 eng d
020 _a0-19-563846
041 _aeng
082 _b8522
100 _aMcGregor , R.S
_96842
245 _aHindi English Dictionary
260 _boxford
_c2009
300 _a1083
650 _aManagement
_9241
942 _cBK